000 00817nam a2200217 i 4500
001 180043
003 ES-MaACL
005 20250727040042.0
008 120403s1906 fr |||| | fre d
100 1 _aBabeuf, Gracchus.
_924415
245 1 3 _aLa doctrine des égaux
_b: extraits des oeuvres complètes /
_cBabeuf ; publiés par Albert Thomas.
260 _aParis :
_bSociété Nouvelle de Librairie et d'Édition :
_bEdouard Cornély,
_c1906.
300 _a96 p. ;
_c16 cm.
490 1 _aBibliothèque socialiste ;
_v37
650 4 _aSocialismo-
_xHistoria.
_9135485
650 7 _aSocialismo utópico
_2embne
_9149695
700 0 _aThomas, Albert.
_9109994
830 0 _aBibliothèque socialiste ;
_v37
_9185029
852 _aES-MaACL
_jD-2176(4)
_z.- Encuadernado en un vol. facticio
999 _c180043
_d180043